000 01352cam a22003737a 4500
003 CHAP
005 20220329142906.0
008 050117d2004 mx r 00110 spa d
010 _a89294
011 _a90266
035 _a100822
040 _cCHAP
090 _aTesis
100 0 0 _aMorales Vázquez, Antonio.
_978447
245 1 3 _aDistribución, comportamiento y rentabilidad de la producción de jengibre en el DDR 01, Huauchinango, Puebla
_c/por Antonio Morales Vázquez
260 _aChapingo, Méx. :
_bEl autor,
_c2004.
300 _a66 h. :
_bilus.; cuadros.
502 _aTesis (Ing. Agr. Esp. en Fitotecnia ) -- UACH. Departamento de Fitotecnia
590 _aALEPH
_b10
_c20130110
_lUCH01
_h1502
590 _aBATCH-UPD
_b10
_c20130110
_lUCH01
_h0500
590 _aBATCH-UPD
_b10
_c20130110
_lUCH01
_h2308
590 _aBATCH-UPD
_b10
_c20130410
_lUCH01
_h0137
590 _aBATCH-UPD
_b10
_c20130914
_lUCH01
_h1122
590 _aCONVERSION
_b10
_c20130109
_lUCH01
_h1349
650 1 4 _aCultivos
_xCostos de producción.
_930247
650 1 4 _aJengibre.
_961300
650 1 4 _aJengibre
_xPuebla.
_961303
650 1 4 _aJengibre
_xRendimiento.
_961304
901 _aBK
905 _aElisama A. H.
942 _cFOLL
949 _aTesis
_bBC
_cTES
_d100822
_eTS1
_h42932
_i100822
_sb
949 _aTesis
_bBC
_cTES
_d33724000930277
_eTS2
_fc.2
_h42933
_i100822
_si
999 _c89294
_d89294